| 000 | 00734nam a2200181 i 4500 | ||
|---|---|---|---|
| 001 | 72672 | ||
| 003 | ES-MaACL | ||
| 007 | t| | ||
| 008 | 040902s1945 ag ||||1| spa d | ||
| 100 | 1 |
_aGoblot, Edmond. _957493 |
|
| 245 | 1 | 0 |
_aVocabulario filosófico / _cEdmond Goblot ; prólogo, presentación, por Enrique Mouchet ; [traducción de la última edición francesa, por Francisco Susanna]. |
| 260 |
_aBuenos Aires : _b[Joaquín Gil, _c1945] ( _fAlfonso Ruiz y Cía) |
||
| 300 |
_a581 p. ; _c23 cm. |
||
| 500 | _aNueva edición ampliada con un extenso índice general analítico que abarca más de 10000 temas. | ||
| 700 | 1 |
_aMouchet, Enrique. _983845 |
|
| 700 | 1 |
_aSusanna, Francisco. _9108845 |
|
| 852 |
_aES-MaACL _jE-2081 _bR.23158 |
||
| 999 |
_c72672 _d72672 |
||